000 00633nam a2200253Ia 4500
003 OSt
005 20221007071449.0
006 a|||||r|||| 00| 0
007 ta
008 221006b |||||||| |||| 00| 0 eng d
020 _a0406922381
024 _a8,963
037 _cTextual
040 _aFLL
_cFLL
_beng
041 _2eng
_aeng
082 _aX:95:Z3, P0
100 _aLockton Deborah
_9688818
245 0 _aEmployment law
250 _a3rd
260 _aLondon
_bButterworths London
_c2000
300 _a967p
_ccm.
942 _hX:95:Z3, P0
_cTEXL
_2CC
999 _c1143417
_d1143417